000
00297nam a22001337a 4500
008
221005b ||||| |||| 00| 0 eng d
041
_a
eng
080
_2
9 edition
_a
541
082
_a
541
100
_a
13.2
101
_a
KIMI
245
_a
Physiological chemistry
_c
HARPER.A.H
942
_2
udc
_c
BK
999
_c
58352
_d
58352